|
|
|
|
| LEADER |
00000nam0a2200000 4500 |
| 001 |
313317 |
| 005 |
20231102002553.0 |
| 010 |
|
|
|a 5253001360
|
| 035 |
|
|
|a (RuTPU)RU\TPU\book\338701
|
| 090 |
|
|
|a 313317
|
| 100 |
|
|
|a 20160121d1990 m y0rusy50 ca
|
| 101 |
0 |
|
|a rus
|
| 102 |
|
|
|a RU
|
| 105 |
|
|
|a a z 000ay
|
| 200 |
1 |
|
|a Рейд на Сан и Вислу
|e рассказы
|f П. П. Вершигора
|
| 210 |
|
|
|a Москва
|c Правда
|d 1990
|
| 215 |
|
|
|a 400 с.
|c ил.
|
| 606 |
1 |
|
|a Русская литература современная
|2 stltpush
|3 (RuTPU)RU\TPU\subj\26373
|9 50316
|
| 610 |
1 |
|
|a художественная литература
|
| 610 |
1 |
|
|a советская литература
|
| 610 |
1 |
|
|a романы
|
| 610 |
1 |
|
|a рассказы
|
| 610 |
1 |
|
|a Великая Отечественная война 1941-1945
|
| 610 |
1 |
|
|a партизанское движение
|
| 610 |
1 |
|
|a партизаны
|
| 610 |
1 |
|
|a военная проза
|
| 675 |
|
|
|a Р2
|v 4
|
| 700 |
|
1 |
|a Вершигора
|b П. П.
|g Петр Петрович
|
| 702 |
|
1 |
|a Пчелко
|b И. И.
|4 440
|
| 801 |
|
1 |
|a RU
|b 63413507
|c 20160121
|
| 801 |
|
2 |
|a RU
|b 63413507
|c 20201222
|g RCR
|
| 942 |
|
|
|c BK
|